[Event "FRA-ch U12 Girls"]
[Site "Aix les Bains"]
[Date "2009.04.24"]
[Round "7"]
[White "Rouffignac, Marie"]
[Black "Vaudo, Stella Maria"]
[Result "0-1"]
[WhiteElo "1480"]
[BlackElo "1320"]
[PlyCount "68"]
[EventDate "2009.04.19"]
[EventType "swiss"]
[EventRounds "9"]
[EventCountry "FRA"]
[SourceTitle "CBM 130 Extra"]
[Source "ChessBase"]
[SourceDate "2009.07.02"]
[SourceVersion "2"]
[SourceVersionDate "2009.07.15"]
[SourceQuality "1"]

1. e4 e5 2. Nc3 Nf6 3. f4 Nc6 4. fxe5 Nxe5 5. d4 Nc6 6. e5 Ng8 7. Nf3 d5 8. Bb5 Bd7 9. Nxd5 a6 10. Be2 Be6 11. Nc3 Bg4 12. Be3 Bb4 13. 0-0 Nge7 14. a3 Nf5 15. Bf2 Bxc3 16. bxc3 0-0 17. h3 Bxf3 18. Bxf3 f6 19. Qd3 fxe5 20. Be4 g6 21. Bxc6 bxc6 22. Qc4+ Qd5 23. Qxd5+ cxd5 24. dxe5 Rfe8 25. Bd4 Rac8 26. Rfe1 Ng3 27. Rab1 Ne4 28. Rb7 c5 29. Bf2 Rxe5 30. Rd7 Rce8 31. Bxc5 Nxc5 32. Rxe5 Rxe5 33. Kf2 Ne4+ 34. Ke3 Nc5+ 0-1

[Event "FRA-ch U12 Girls"]
[Site "Aix les Bains"]
[Date "2009.04.20"]
[Round "2"]
[White "Vaudo, Stella Maria"]
[Black "Banat, Rizlene"]
[Result "0-1"]
[WhiteElo "1320"]
[BlackElo "1542"]
[PlyCount "134"]
[EventDate "2009.04.19"]
[EventType "swiss"]
[EventRounds "9"]
[EventCountry "FRA"]
[SourceTitle "CBM 130 Extra"]
[Source "ChessBase"]
[SourceDate "2009.07.02"]
[SourceVersion "2"]
[SourceVersionDate "2009.07.15"]
[SourceQuality "1"]

1. e4 c5 2. Nc3 e6 3. Nf3 a6 4. Bc4 b5 5. Be2 Qc7 6. b3 Nc6 7. Bb2 Nf6 8. 0-0 Be7 9. d4 cxd4 10. Nxd4 Bb7 11. Bf3 Ne5 12. a4 Nxf3+ 13. Nxf3 b4 14. Na2 Bxe4 15. Re1 Bxc2 16. Qc1 Rc8 17. Nd4 0-0 18. Nxc2 Qxc2 19. Qxc2 Rxc2 20. Bxf6 Bxf6 21. Nxb4 Bxa1 22. Nxc2 Bc3 23. Rd1 d5 24. Rd3 Rc8 25. h3 Be5 26. Rd2 Bf4 27. Re2 Rc3 28. b4 Rc4 29. g3 Bd6 30. b5 Rxa4 31. b6 Ra2 32. Nd4 Ra1+ 33. Kg2 Rb1 34. Rc2 Rxb6 35. Rc8+ Bf8 36. Nc6 Rb7 37. Kg1 g6 38. Nb8 Kg7 39. Nxa6 Bd6 40. Rc6 Rd7 41. Nc5 Bxc5 42. Rxc5 d4 43. Kf1 Kf6 44. Ke2 e5 45. f3 h5 46. h4 Rd6 47. Kd3 Ke7 48. Rxe5+ Kf8 49. Re4 Rf6 50. f4 Rd6 51. Rxd4 Rxd4+ 52. Kxd4 Ke7 53. Ke5 f6+ 54. Ke4 Ke6 55. Kf3 Kf5 56. Kg2 Kg4 57. Kf2 Kh3 58. Kf3 f5 59. Kf2 Kh2 60. Kf3 Kg1 61. g4 hxg4+ 62. Kg3 Kf1 63. Kh2 Kf2 64. Kh1 g3 65. h5 g2+ 66. Kh2 g1Q+ 67. Kh3 Qg3# 0-1

[Event "FRA-ch U12 Girls"]
[Site "Aix les Bains"]
[Date "2009.04.19"]
[Round "1"]
[White "Terrier, Marie"]
[Black "Vaudo, Stella Maria"]
[Result "0-1"]
[WhiteElo "1580"]
[BlackElo "1320"]
[PlyCount "56"]
[EventDate "2009.04.19"]
[EventType "swiss"]
[EventRounds "9"]
[EventCountry "FRA"]
[SourceTitle "CBM 130 Extra"]
[Source "ChessBase"]
[SourceDate "2009.07.02"]
[SourceVersion "2"]
[SourceVersionDate "2009.07.15"]
[SourceQuality "1"]

1. e4 e5 2. Nf3 Nc6 3. d4 d6 4. Bb5 Bd7 5. Bxc6 Bxc6 6. Nc3 Nf6 7. dxe5 dxe5 8. Qxd8+ Rxd8 9. Bg5 Bb4 10. Nxe5 Bxe4 11. Rc1 Bxg2 12. Rg1 Bh3 13. Nd3 Bd6 14. f4 h6 15. Bh4 Rd7 16. Rxg7 Nh5 17. Rg1 Nxf4 18. Bf2 Nxd3+ 19. cxd3 Bxh2 20. Rh1 Bf4 21. Rd1 Bg4 22. Rb1 Rxd3 23. Rh4 h5 24. Kf1 b6 25. Re1+ Kd8 26. Nb5 Re8 27. Nxa7 Rxe1+ 28. Kxe1 Rd1# 0-1